banner koha

Morte súbita causada por ruptura de aneurisma em aorta em ruminantes (Registro n. 330517)

MARC details
000 -LÍDER
fixed length control field 04600nab a2200409 i 4500
003 - CÓDIGO MARC DA AGÊNCIA CATALOGADORA
Campo de controle BR-BrBNA
005 - DATA E HORA DA ÚLTIMA ATUALIZAÇÃO
Campo de controle 20250319110732.0
008 - CAMPO DE TAMANHO FIXO
fixed length control field 250319b2017 bl.|r|pooa||| 00| 0 por |
040 ## - FONTE DA CATALOGAÇÃO
Agência catalogadora BR-BrBNA
Idioma da catalogação por
072 ## - CATEGORIA AGRIS
Código AGRIS L73
Código do objeto 5240
072 ## - CATEGORIA AGRIS
Código AGRIS L74
Código do objeto 5250
072 ## - CATEGORIA AGRIS
Código AGRIS L70
100 ## - ENTRADA PRINCIPAL - NOME PESSOAL
Nome pessoal Souto, E.P.F.
100 ## - ENTRADA PRINCIPAL - NOME PESSOAL
Nome pessoal Leite, A.V.L.
100 ## - ENTRADA PRINCIPAL - NOME PESSOAL
Nome pessoal Frade, M.T.S.
100 ## - ENTRADA PRINCIPAL - NOME PESSOAL
Nome pessoal Olinda, R.G.
100 ## - ENTRADA PRINCIPAL - NOME PESSOAL
Nome pessoal Nobre, V.M.T.
100 ## - ENTRADA PRINCIPAL - NOME PESSOAL
Nome pessoal Miranda Neto, E.G.
100 ## - ENTRADA PRINCIPAL - NOME PESSOAL
Nome pessoal Riet-Correa, F.
100 ## - ENTRADA PRINCIPAL - NOME PESSOAL
Nome pessoal Dantas, A.F.M.
245 ## - TÍTULO PRINCIPAL
Título principal Morte súbita causada por ruptura de aneurisma em aorta em ruminantes
500 ## - NOTA GERAL
Nota geral <br/>Publicação online; 24 ref.; Summaries (En)
942 ## - ADDED ENTRY ELEMENTS (KOHA)
Koha item type Analítica
520 ## - NOTA DE RESUMO
Nota de conteúdo <br/><br/><br/>RESUMO - De um total de 2.088 ruminantes necropsiados no Laboratório de Patologia Animal da Universidade Federal de Campina Grande durante o período de janeiro de 2003 a dezembro de 2015, 803 (38,45%) eram bovinos, 651 (31,18%) ovinos e 634 (30,37%) caprinos. Desses, dois caprinos (0,31%), um ovino (0,15%) e um bovino (0,12%) foram diagnosticados com ruptura de artéria aorta devido à presença de aneurismas, correspondendo a 0,19% das causas de morte em ruminantes. O caso 1 ocorreu em um caprino que apresentava bom estado corporal e foi encontrado morto pelo proprietário; o caso 2, em um caprino com diagnóstico clínico presuntivo de linfadenite caseosa; o caso 3, em um ovino que foi encontrado morto pelo proprietário; e o caso 4, em um bovino com histórico de timpanismo recidivante. Em todos os casos, a morte ocorreu rapidamente por choque hipovolêmico. Os principais achados macroscópicos na necropsia foram hemotórax ou hemoperitônio e a ruptura na artéria aorta. Nos caprinos, abscessos foram visualizados microscopicamente e estavam associados à presença de bactérias, o que sugere infecção por Corynebacterium pseudotuberculosis. No ovino, não foram observadas lesões que pudessem elucidar a causa do aneurisma, por isso foi considerado de provável origem idiopática. No bovino, não foi possível estabelecer a causa, mas a presença do aneurisma dificultava a eructação dos gases da fermentação ruminal, caracterizando um quadro de timpanismo secundário. Aneurismas ocorrem de forma esporádica em caprinos, ovinos e bovinos e devem ser considerados como uma importante causa de morte súbita.<br/><br/><br/>Palavras-chave: doenças de ruminantes, lesão vascular, hemorragia
520 ## - NOTA DE RESUMO
Nota de conteúdo <br/><br/><br/>ABSTRACT - From a total of 2,088 necropsied ruminants in the Laboratory of Animal Pathology of Federal University of Campina Grande during the period from January 2003 to December 2015, 803 (38.45%) were cattle, 651 (31.18%) sheep, and 634 (30.37%) goats. Of these, two goats (0.31%), one sheep (0.15%) and one bovine (0.12%) were diagnosed with rupture of aorta due to the presence of aneurysms, corresponding to 0.19% of causes of death in ruminants. Case 1 occurred in a goat that had good body condition and was found dead by the owner, case 2 occurred in a goat that had clinical presumptive diagnosis of caseous lymphadenitis, case 3 occurred in a sheep who was found dead by the owner, and case 4 occurred in a cow with a history of recurrent bloating. In all cases, death occurred rapidly by hypovolemic shock. The macroscopic findings at necropsy were hemothorax or hemoperitoneum and the rupture in the aorta artery. In goats, abscesses were viewed microscopically and they were associated with the presence of bacteria, suggesting for Corynebacterium pseudotuberculosis infection. In the sheep, lesions that could explain the cause of the aneurysm were not observed, so we consider the aneurisma as idiopathic. In the cow, it was not possible to establish the cause, but the presence of the aneurysm hampered eructation of ruminal gases, causing secondary bloat. Aneurysms occur sporadically in goats, sheep and cattle and must be regarded as an important cause of sudden death.<br/><br/><br/>Keywords: diseases of ruminants, vascular injury, hemorrhag
650 ## - ASSUNTO - THESAGRO
Cabeçalho tópico ou nome geográfico BOVINO
650 ## - ASSUNTO - THESAGRO
Cabeçalho tópico ou nome geográfico OVINO
650 ## - ASSUNTO - THESAGRO
Cabeçalho tópico ou nome geográfico CAPRINO
650 ## - ASSUNTO - THESAGRO
Cabeçalho tópico ou nome geográfico DOENÇA ANIMAL
650 ## - ASSUNTO - THESAGRO
Cabeçalho tópico ou nome geográfico DISTÚRBIO FISIOLÓGICO
650 ## - ASSUNTO - THESAGRO
Cabeçalho tópico ou nome geográfico HEMORRAGIA
650 ## - ASSUNTO - THESAGRO
Cabeçalho tópico ou nome geográfico MORTE SÚBITA
650 ## - ASSUNTO - THESAGRO
Cabeçalho tópico ou nome geográfico VETERINÁRIA
773 0# - ENTRADA ANALÍTICA
Host Biblionumber 1643
Registro do item 349155
Imprenta Belo Horizonte-MG Universidade Federal de Minas Gerais - Escola de Veterinaria 1983
Outro identificador 2025-1673
Título Arquivo Brasileiro de Medicina Veterinária e Zootecnia (Brazil)
ISSN 0102-0935
Colação v. 69(2) p. 398-404; (2017)
Número de controle de registro BR2025000143
856 ## - ACESSO E ENDEREÇO ELETRÔNICO
Identificador uniforme de recurso - URI https://www.scielo.br/j/abmvz/a/vNn5Y7MrSHfLYyZdLWzDTbS/?format=pdf&lang=pt

Nenhum exemplar disponível.

BINAGRI

Telefone: (61)3218-2567/2388/3357/2097 - binagri@agro.gov.br

Ministério da Agricultura e Pecuária , Esplanada dos Ministérios, Bloco D, Anexo B, Brasília/DF, CEP: 70.043-900